| 000 | 01070nam a22002777a 4500 | ||
|---|---|---|---|
| 001 | BD-DhSAU 8849 | ||
| 003 | BD-DhSAU | ||
| 005 | 20200108122502.0 | ||
| 008 | 150420b2017 bg ||||| m||| 00| 0 eng d | ||
| 040 | _aBD-DhSAU | ||
| 082 |
_222 _a635 _bIs41 |
||
| 100 |
_eRegistration # 17-08245 _a Islam , Mohaiminul |
||
| 245 |
_aValue addition to Watermelon Rind through Jam preparation / _bMS thesis _c Islam , Mohaiminul |
||
| 260 |
_aSher-e-Bangla Agricultural University : _bDepartment of Horticulture, _c2017 |
||
| 300 |
_avii, 58 p. : _c30 cm. _bill. ; |
||
| 500 | _aMS thesis of Department of Horticulture, Faculty of Agriculture, Sher-e-Bangla Agricultural University, Dhaka | ||
| 504 | _aIncludes bibliographical reference. | ||
| 590 | _aShofi | ||
| 650 | _aHorticulture | ||
| 650 | _a Watermelon | ||
| 650 | _aJam preparation | ||
| 700 |
_aIslam , Md. Nazrul _eSuperviser |
||
| 700 |
_aAkand , Md. Hasanuzzaman _eCo-superviser |
||
| 856 |
_uhttp://archive.saulibrary.edu.bd:8080/xmlui/handle/123456789/2585 _yOnline Access |
||
| 942 |
_2ddc _cTHESIS |
||
| 999 |
_c14749 _d14748 |
||